|
|
|
|
| LEADER |
00000nam a2200000 4500 |
| 008 |
180615b2013 s ||||| |||| 00| | spa d |
| 999 |
|
|
|c 3504
|d 3504
|
| 020 |
|
|
|a 9788474328509
|
| 090 |
|
|
|a 06.01.01
|b 2466
|
| 100 |
|
|
|9 3771
|a Stephenson, Joan
|e Compilador/a
|
| 245 |
1 |
4 |
|a Los valores en la educación /
|c Joan Stephenson, Lorraine Ling, Eva Burman, Maxine Cooper, compiladores
|
| 250 |
|
|
|a 1 edición, julio del 2001
|
| 260 |
|
|
|a Barcelona :
|b Editorial Gedisa,
|c Reimpresión, 2013
|
| 300 |
|
|
|a 318 páginas
|
| 490 |
|
|
|a Pedagogía de los valores
|
| 650 |
1 |
0 |
|a EDUCACIÓN EN VALORES
|9 719
|
| 650 |
1 |
4 |
|9 14
|a ENSEÑANZA
|
| 700 |
|
|
|9 3772
|a Ling, Lorraine
|e Compilador/a
|
| 700 |
|
|
|9 3773
|a Burman, Eva
|e Compilador/a
|
| 700 |
|
|
|9 3774
|a Cooper, Maxine
|e Compilador/a
|
| 942 |
|
|
|i 004474
|h 06.01.01 2466
|2 z
|c 01
|